000 01324nam a2200337 a 4500
001 67757
003 BD-RjUL
005 20211209081706.0
008 170328s1990 enka 101 0 eng
020 _a0521371546
020 _a0521378044 (pbk.)
035 _a(BD-RjUL)67966
040 _aDLC
_cDLC
_dBD-RjUL
_beng
041 _aeng
082 0 0 _a155.82
_223
_bCUL 1990
245 0 0 _aCultural psychology :
_bessays on comparative human development /
_cedited by James W. Stigler, Richard A. Shweder, Gilbert Herdt.
260 _aCambridge ;
_aNew York :
_bCambridge University Press,
_cc1990 [reprinted 1997]
300 _aix, 625 p. :
_bill. ;
_c24 cm.
500 _aIncludes index.
650 0 _aEthnopsychology
_xCongresses.
_9200876
650 0 _aCognition and culture
_xCongresses.
_9200877
700 1 _aStigler, James W.
_9200878
700 1 _aShweder, Richard A.
_9200879
700 1 _aHerdt, Gilbert H.,
_9200880
710 2 _aUniversity of Chicago.
_bCommittee on Human Development.
_9200881
856 4 1 _3Sample text
_uhttp://www.loc.gov/catdir/samples/cam034/88037008.html
856 4 1 _3Table of contents
_uhttp://www.loc.gov/catdir/toc/cam031/88037008.html
856 4 2 _3Publisher description
_uhttp://www.loc.gov/catdir/description/cam023/88037008.html
942 _2ddc
_cBK
999 _c67757
_d67757